000 00778cab a2200205 4500
001 L136619
008 070212n2007 000 0 eng u
035 _a(Sirsi) u136619
041 0 _aeng
100 1 _aVrensen, Hans
245 0 0 _aEuropean CMBS
_b2007 outlook and review
260 _c2007
490 0 _aProperty Forecast
_v10(1) January 2007, 8-9(2)
520 _aDiscusses the recent stability of the European Commercial Mortgage Backed Security market, while forecasting increased investment for 2007. Predicts investor demand for conduits and other sources should be matched or exceeded by supply.
590 _aKA
651 4 _aEUROPE
690 _aPROPERTY-COMMERCIAL PROPERTY-COMMERCIAL PROPERTY FINANCE AND INVESTMENT
700 1 _aNichol, Mark
942 _n0
999 _c78374
_d78374